Multimedia and communications technology (Record no. 78668)
[ view plain ]
| 000 -LEADER | |
|---|---|
| fixed length control field | 00632nam a2200145 a 4500 |
| 008 - FIXED-LENGTH DATA ELEMENTS--GENERAL INFORMATION | |
| fixed length control field | 120416s0000 ||||||||||||||||| || u |
| 020 ## - INTERNATIONAL STANDARD BOOK NUMBER | |
| International Standard Book Number | 0240514602 |
| 050 ## - LIBRARY OF CONGRESS CALL NUMBER | |
| Classification number | TK 5103.7 Hea |
| 100 ## - MAIN ENTRY--PERSONAL NAME | |
| Personal name | Heath, Steve |
| 245 10 - TITLE STATEMENT | |
| Title | Multimedia and communications technology |
| 260 ## - PUBLICATION, DISTRIBUTION, ETC. | |
| Place of publication, distribution, etc. | Oxford |
| Name of publisher, distributor, etc. | Focal Press |
| Date of publication, distribution, etc. | 1996 |
| 350 ## - | |
| -- | 0.00 |
| 995 ## - | |
| -- | BINDERY (DAMAGED) |
| -- | 0.00 |
| -- | 730669 |
| -- | CBU-MAIN LIBRARY (Kitwe) |
| -- | 2 |
| -- | 25.00 |
| -- | TK 5103.7 Hea |
| -- | 2 |
| -- | DAMAGED |
| -- | 027393 |
| -- | Main Library Open Access Collection |
| 995 ## - | |
| -- | MAIN LIBRARY OPEN ACCESS |
| -- | 0.00 |
| -- | 730755 |
| -- | CBU-MAIN LIBRARY (Kitwe) |
| -- | 1 |
| -- | 25.00 |
| -- | TK 5103.7 Hea |
| -- | AVAILABLE |
| -- | 027355 |
| -- | Main Library Open Access Collection |
| 999 ## - | |
| -- | 78668 |
| -- | 78668 |
| Withdrawn status | Lost status | Source of classification or shelving scheme | Damaged status | Not for loan | Permanent Location | Current Location | Shelving location | Date acquired | Total Checkouts | Full call number | Barcode | Date last seen | Copy number | Price effective from | Koha item type |
|---|---|---|---|---|---|---|---|---|---|---|---|---|---|---|---|
| CBU-MAIN LIBRARY, KITWE. | CBU-MAIN LIBRARY, KITWE. | 06/06/2023 | TK 5103.7 Hea | 027393 | 06/06/2023 | 1 | 06/06/2023 | MONOGRAPH | |||||||
| CBU-MAIN LIBRARY, KITWE. | CBU-MAIN LIBRARY, KITWE. | 06/06/2023 | TK 5103.7 Hea | 027355 | 06/06/2023 | 2 | 06/06/2023 | MONOGRAPH |